000
00265nam a2200109Ia 4500
999
_c
8402
_d
8402
020
_a
978-8131701881
100
_a
Lalitha Ramakrishnan
245
0
_a
Case in Rural Marketing an Integrated approach
260
_a
USA
_b
McGraw Hill
_c
2001
300
_a
624
942
_c
BK